000 00616nam a2200229 a 4500
001 81635
003 BD-RjUL
005 20231016114003.0
008 230803s2022 ii ||||| |||| 00| 0 eng d
020 _a9789394364899
035 _a(BD-RjUL)81635
040 _aBD-RjUL
_beng
_cBD-RjUL
041 _aeng
082 _223
_a344.54046
_bSHE 2022
100 _aShastri, C. Satish
_98208
245 1 0 _aEnvironmental Law /
_cSatish C. Shastri
250 _a7th ed.
260 _aLucknow :
_bEastern Book Company,
_c2022
300 _a647 p.;
_c25 cm.
650 _aEnvironmental law
_zIndia
_98209
942 _2ddc
_cBK
999 _c81635
_d81635